Statistics for Memory Test - Normal

Click here to take the quiz!

General Stats

  • This quiz has been taken 3 times
  • The average score is 8 of 25

Answer Stats

Answer% Correct
442
100%
626
100%
124
50%
157
50%
163
50%
354
50%
475
50%
526
50%
552
50%
563
50%
621
50%
662
50%
665
50%
142
0%
152
0%
187
0%
229
0%
236
0%
316
0%
552
0%
647
0%
725
0%
774
0%
831
0%
986
0%

Score Distribution

Percentile by Number Answered

Percent of People with Each Score

Your Score History

You have not taken this quiz